Top 100 NBA Players 2000-2025 - Statistics

General Stats
  • This quiz has been taken 95 times
    80 since last reset
  • The average score is 77 of 100
Answer Stats
Team Position Career Answer % Correct
CLE SF '03-A LeBron James
97%
GSW PG '09-A Stephen Curry
97%
DAL PG '18-A Luka Dončić
95%
ATL PG '18-A Trae Young
95%
NOP/LAL C '12-A Anthony Davis
94%
NO/LAC PG '05-A Chris Paul
94%
WSH PG '10-'23 John Wall
94%
DEN C '15-A Nikola Jokić
94%
OKC PG '18-A Shai Gilgeous-Alexander
94%
POR PG '12-A Damian Lillard
92%
HOU PG/SG '09-A James Harden
92%
SAS PG '01-'19 Tony Parker
92%
CHI PG '08-'24 Derrick Rose
91%
OKC SF/PF '07-A Kevin Durant
91%
SAS SG '02-'18 Manu Ginobili
91%
BOS SF '98-'17 Paul Pierce
91%
OKC PG '08-A Russell Westbrook
91%
PHI PG/SG '96-'10 Allen Iverson
89%
DEN/NYK SF '03-'22 Carmelo Anthony
89%
GSW PF '12-A Draymond Green
89%
MIA SG '03-'19 Dwyane Wade
89%
GSW SG '11-A Klay Thompson
89%
IND/LAC SF '10-A Paul George
89%
MIL/SEA/BOS SG '96-'14 Ray Allen
89%
SAS PF/C '97-'16 Tim Duncan
89%
MIN SG '20-A Anthony Edwards
88%
PHO SG '15-A Devin Booker
88%
DAL PF '98-'19 Dirk Nowitzki
88%
MIL PF '13-A Giannis Antetokounmpo
88%
BOS SG/SF '16-A Jaylen Brown
88%
BOS SF/PF '17-A Jayson Tatum
88%
PHI C '16-A Joel Embiid
88%
CLE PG '11-A Kyrie Irving
88%
WSH SG '12-A Bradley Beal
86%
PHO/NJ/DAL PG '94-'13 Jason Kidd
86%
SAS/LAC SF '11-A Kawhi Leonard
86%
LAL SG '96-'16 Kobe Bryant
86%
TOR PG '06-A Kyle Lowry
86%
UTA C '13-A Rudy Gobert
86%
PHO PG '96-'14 Steve Nash
86%
TOR/NJ SG '98-'20 Vince Carter
86%
LAC C '08-A DeAndre Jordan
85%
UTA SG '17-A Donovan Mitchell
85%
MIN/BOS PF '95-'16 Kevin Garnett
85%
LAL C '92-'11 Shaquille O'Neal
85%
TOR SG '09-A DeMar DeRozan
83%
ORL C '04-'22 Dwight Howard
83%
MIN C '15-A Karl-Anthony Towns
83%
CHA PG '11-'23 Kemba Walker
83%
DET C '96-'12 Ben Wallace
82%
IND/SAC PF/C '16-A Domantas Sabonis
82%
MEM C '08-'21 Marc Gasol
82%
MEM/LAL PF/C '01-'19 Pau Gasol
82%
BOS PG '06-'22 Rajon Rondo
82%
POR/DET PF '95-'13 Rasheed Wallace
82%
CHI/MIA SG/SF '11-A Jimmy Butler
80%
MIL SF '12-A Khris Middleton
80%
LAC PF '10-'23 Blake Griffin
78%
TOR/MIA PF/C '03-'16 Chris Bosh
78%
CLE/MIN PF '08-A Kevin Love
78%
TOR PF '16-A Pascal Siakam
78%
BRK/MIL C '08-A Brook Lopez
77%
UTA PG '05-'17 Deron Williams
77%
HOU C '02-'11 Yao Ming
77%
MIA C '17-A Bam Adebayo
75%
DET PG '97-'14 Chauncey Billups
75%
NYK PF '14-A Julius Randle
75%
ORL/HOU SG '97-'12 Tracy McGrady
75%
ATL/BOS C '07-A Al Horford
74%
POR PG/SG '13-A CJ McCollum
71%
SAC C '10-'22 DeMarcus Cousins
71%
CHI C '07-'20 Joakim Noah
69%
CHI SG '14-A Zach LaVine
69%
PHI/GSW SF '04-'23 Andre Iguodala
68%
IND PF/C '96-'14 Jermaine O'Neal
68%
PHO PF/C '02-'16 Amar'e Stoudemire
66%
ATL SG/SF '01-'22 Joe Johnson
66%
POR PF/C '06-'22 LaMarcus Aldridge
66%
DEN PG '99-'16 Andre Miller
65%
DET C '12-A Andre Drummond
63%
ORL/CHI C '11-A Nikola Vučević
63%
WSH PG '01-'12 Gilbert Arenas
62%
NOP PG '09-A Jrue Holiday
62%
POR/MEM PF '01-'18 Zach Randolph
62%
SAC PF '93-'08 Chris Webber
58%
DET SG '99-'13 Richard Hamilton
58%
PHO SF '99-'15 Shawn Marion
55%
CHI/NYK/PHO C '01-'20 Tyson Chandler
54%
UTA SF '01-'15 Andrei Kirilenko
52%
IND/LAL SF '99-'17 Ron Artest
51%
SAC SF '98-'11 Peja Stojaković
49%
UTA PF '02-'15 Carlos Boozer
48%
CHI/NYK/LAC SG '00-'20 Jamal Crawford
48%
LAC PF '99-'16 Elton Brand
45%
MIL SG '00-'12 Michael Redd
45%
ATL/DAL SG '99-'18 Jason Terry
42%
UTA PF '06-'22 Paul Millsap
40%
NYK/DEN C '96-'13 Marcus Camby
37%
WSH/GSW SF/PF '98-'14 Antawn Jamison
32%
SAS SF '96-'09 Bruce Bowen
31%
No matching quizzes found
Score Distribution
Percent of People with Each Score
Percentile by Number Answered
Your Score History
You have not taken this quiz since the last reset